01010cam a22002655a 45000010009000000050017000090080041000260200029000670400028000960820017001242450105001412500012002462600046002583000034003045000026003385040041003646500037004056500043004426500046004856530022005317000034005539420008005879990017005959520132006121859801220160412155920.0150430s2016 enka frb f001 0 eng d a9780198749028 (hardback) aDLCbengcDLCdEG-ScBUE04222a320bCIV00aCivil resistance in the arab spring :btriumphs and disasters /cedited by Adam Roberts ... [et al.] a1st ed. aOxford :bOxford University Press,c2016. axvi, 339 p. :bill. ;c24 cm. aIndex : p. [327]-339. aIncludes bibliographical references. 72BUEsh938992aArab Spring, 2010- 0aCivil disobediencexMiddle East2BUEsh 0aCivil disobediencexAfrica, North.2BUEsh bBUSBOLcApril20161 aRoberts, Adam,eeditor.99687 2ddc c21615d21587 00102ddc40708AlahramaMAINbMAINc1STd2016-04-12ePurchaseg325.00l0o320 CIVp000032344r2025-07-15 00:00:00v406.50yBB